[Event "Groningen Open A"]
[Site "Groningen NED"]
[Date "2012.12.28"]
[Round "7.2"]
[White "Michalik,P"]
[Black "Kovchan,A"]
[Result "1/2-1/2"]
[WhiteElo "2508"]
[BlackElo "2579"]

1.d4 Nf6 2.c4 g6 3.Nc3 d5 4.cxd5 Nxd5 5.e4 Nxc3 6.bxc3 Bg7 7.Be3 c5 8.Qd2 Qa5
9.Rc1 cxd4 10.cxd4 Qxd2+ 11.Bxd2 O-O 12.Nf3 Bg4 13.Be3 Nc6 14.d5 Bxf3 15.gxf3 Nd4
16.Rc7 e6 17.dxe6 Nxe6 18.Rxb7 Rab8 19.Rb3 Nd4 20.Bxd4 Bxd4 21.Ba6 Rfd8 22.Ke2 Rxb3
23.axb3 Be5 24.Bc4 Rd7 25.h3 Kg7 26.Rc1 Kf6 27.Rc2 Kg5 28.Kf1 Kf4 29.Kg2 f6
30.Bd5 Rc7 31.Rxc7 Bxc7 32.Bg8 h6 33.Bf7 g5 34.Bc4 Bb6  1/2-1/2

[Event "22nd North American Open"]
[Site "Las Vegas USA"]
[Date "2012.12.28"]
[Round "5.4"]
[White "Gareev,T"]
[Black "Yankovsky,R"]
[Result "1-0"]
[WhiteElo "2663"]
[BlackElo "2474"]

1.d4 Nf6 2.c4 g6 3.Nc3 d5 4.cxd5 Nxd5 5.e4 Nxc3 6.bxc3 Bg7 7.Be3 c5 8.Qd2 cxd4
9.cxd4 Nc6 10.Bb5 f5 11.Ne2 fxe4 12.O-O O-O 13.Rfc1 Qa5 14.Qb2 Qb4 15.Rab1 Qxb2
16.Rxb2 Bg4 17.Bxc6 bxc6 18.Ng3 e5 19.dxe5 Bxe5 20.Rb4 Bxg3 21.hxg3 Be6 22.a4 Bd5
23.a5 a6 24.g4 h5 25.Kh2 hxg4 26.Kg3 Kf7 27.Kxg4 Ke6 28.Rb6 Rf7 29.Rh1 Kd6
30.Bf4+ Ke6 31.Rh6 e3 32.fxe3 Bxg2 33.Rxg6+ Rf6 34.Rg5 Ra7 35.Bb8 Rd7 36.Rxa6 Bf3+
37.Kg3 Rd1 38.Bf4 Bh1 39.Re5+ Kf7 40.Ra7+ Kf8 41.Bg5 Rg6 42.Ra8+  1-0

[Event "21st Donau Open 2012"]
[Site "Aschach AUT"]
[Date "2012.12.29"]
[Round "5"]
[White "Raber,F"]
[Black "Schreiner,Pe"]
[Result "0-1"]
[WhiteElo "2167"]
[BlackElo "2439"]

1.d4 Nf6 2.c4 g6 3.Nc3 d5 4.cxd5 Nxd5 5.e4 Nxc3 6.bxc3 Bg7 7.Be3 c5 8.Qd2 Qa5
9.Rc1 cxd4 10.cxd4 Qxd2+ 11.Bxd2 O-O 12.Nf3 e6 13.Bb5 Rd8 14.O-O Nc6 15.Bg5 f6
16.Be3 Bd7 17.Rfd1 Bf8 18.Be2 b6 19.Bf4 g5 20.Bc7 Rdc8 21.Bg3 Nb4 22.Bc4 b5
23.Bb3 a5 24.a3 a4 25.Bxe6+ Bxe6 26.axb4 Rxc1 27.Rxc1 a3 28.d5 a2 29.Ra1 Bxb4  0-1

[Event "XLII Rilton Cup"]
[Site "Stockholm SWE"]
[Date "2012.12.29"]
[Round "3.10"]
[White "Socko,B"]
[Black "Akesson,R"]
[Result "1-0"]
[WhiteElo "2631"]
[BlackElo "2441"]

1.d4 g6 2.c4 Nf6 3.Nc3 d5 4.cxd5 Nxd5 5.e4 Nxc3 6.bxc3 Bg7 7.Bg5 c5 8.Qd2 Qa5
9.Rc1 e6 10.Nf3 O-O 11.Be2 cxd4 12.cxd4 Qxd2+ 13.Kxd2 Nc6 14.Bb5 h6 15.Be3 Rd8
16.Ke2 Bd7 17.Rhd1 Rac8 18.d5 exd5 19.Rxd5 Be6 20.Rxd8+ Rxd8 21.a4 a6 22.Bxc6 bxc6
23.Rxc6 Bb3 24.a5 Ba4 25.Rc1 Bb5+ 26.Ke1 Re8 27.Nd2 Bb2 28.Rc7 Ba3 29.Bc5 Bb2
30.Bd6 f5 31.f3 Bd3 32.Rc6 Kf7 33.Kd1 Bb5 34.Rc7+ Ke6 35.Bb4 Be5 36.Rh7 h5
37.exf5+ Kxf5 38.Ne4 Rd8+ 39.Ke1 Bxh2 40.g4+ Kf4 41.Kf2 hxg4 42.Rh4 Rd3 43.Rxg4+ Kf5
44.Bd2 Ra3 45.Rg5+ Ke6 46.Rxg6+ Kf7 47.Rf6+ Kg8 48.f4 Ra2 49.Kf3 Bd3 50.Rd6 Bc2
51.Ng5 Bd1+ 52.Kg2  1-0

[Event "2nd Erfurter WGM"]
[Site "Erfurt GER"]
[Date "2012.12.30"]
[Round "9.3"]
[White "Rajlich,I"]
[Black "Kachiani-Gersinska,K"]
[Result "1/2-1/2"]
[WhiteElo "2410"]
[BlackElo "2366"]

1.d4 Nf6 2.c4 g6 3.Nc3 d5 4.cxd5 Nxd5 5.e4 Nxc3 6.bxc3 Bg7 7.Bc4 c5 8.Ne2 cxd4
9.cxd4 Nc6 10.Bb2 O-O 11.O-O Na5 12.Bd5 e6 13.Bb3 Bd7 14.Qd2 Nxb3 15.axb3 Bc6
16.Qe3 Qh4 17.f3 Bb5 18.Rf2 Bxe2 19.Rxe2 Rfd8 20.Rc2 Rac8 21.Rxc8 Rxc8 22.Qd3 a6
23.Rd1 Rd8 24.g3 Qe7 25.f4 h5 26.Kg2 Rc8 27.Rc1 Qd7 28.Rxc8+ Qxc8 29.Kf3 f5
30.exf5 gxf5  1/2-1/2

[Event "XXIII Krakow Open"]
[Site "Krakow POL"]
[Date "2012.12.30"]
[Round "5.7"]
[White "Golichenko,I"]
[Black "Sivuk,V"]
[Result "1-0"]
[WhiteElo "2414"]
[BlackElo "2482"]

1.d4 Nf6 2.c4 g6 3.Nc3 d5 4.cxd5 Nxd5 5.e4 Nxc3 6.bxc3 Bg7 7.Bc4 O-O 8.Ne2 c5
9.O-O Nc6 10.Be3 Qc7 11.Rc1 Rd8 12.Qd2 e6 13.Bg5 Re8 14.Bh6 a6 15.Bxg7 Kxg7
16.f4 b5 17.Bd3 f5 18.g4 Bb7 19.gxf5 exf5 20.exf5 gxf5 21.d5 c4 22.Bxf5 Qb6+
23.Rf2 Ne7 24.Be6 Nxd5 25.f5 Qe3 26.Ng3 Qxd2 27.Rxd2 Nf6 28.Rcd1 Bf3 29.Rf1 Bg4
30.Rf4 Red8 31.Rfd4 Rxd4 32.Rxd4 Bf3 33.Kf2 Bc6 34.Ke3 Be8 35.Kf4 Kf8 36.Ne4 Nxe4
37.Kxe4 Bf7 38.Rd7 Bg8 39.Ke5 Rc8 40.Ra7 Bxe6 41.fxe6 b4 42.Rf7+ Kg8 43.cxb4 c3
44.Rf1 c2 45.e7 Kg7 46.Kd6  1-0

[Event "XXIII Krakow Open"]
[Site "Krakow POL"]
[Date "2012.12.31"]
[Round "6.6"]
[White "Shishkin,Va UKR"]
[Black "Sieciechowicz,M"]
[Result "0-1"]
[WhiteElo "2501"]
[BlackElo "2443"]

1.d4 Nf6 2.c4 g6 3.Nc3 d5 4.cxd5 Nxd5 5.e4 Nxc3 6.bxc3 Bg7 7.Nf3 c5 8.Be3 Qa5
9.Nd2 cxd4 10.Nc4 Qd8 11.cxd4 Nc6 12.d5 Na5 13.Rc1 O-O 14.Qd2 Nxc4 15.Bxc4 b6
16.O-O Bb7 17.Rc2 Qd7 18.Rfc1 Rfc8 19.Qd3 Qd8 20.a4 Be5 21.Qb3 Rc7 22.f4 Bd6
23.e5 Bc5 24.Bxc5 Rxc5 25.d6 exd6 26.Bxf7+ Kg7 27.Rxc5 dxc5 28.Rd1 Qe7 29.e6 Qf6
30.Qe3 Bc6 31.a5 Rd8 32.Rb1 Rd4 33.axb6 axb6 34.g3 Re4 35.Qd2 b5 36.Rc1 c4
37.Rd1 c3 38.Qd3 Qd4+  0-1

[Event "XLII Rilton Cup"]
[Site "Stockholm SWE"]
[Date "2013.01.01"]
[Round "5.1"]
[White "Shimanov,A"]
[Black "Krasenkow,M"]
[Result "1/2-1/2"]
[WhiteElo "2630"]
[BlackElo "2628"]

1.d4 Nf6 2.c4 g6 3.Nc3 d5 4.cxd5 Nxd5 5.e4 Nxc3 6.bxc3 Bg7 7.Be3 c5 8.Nf3 Qa5
9.Nd2 O-O 10.Nb3 Qxc3+ 11.Bd2 Qb2 12.Bc1 Qc3+ 13.Bd2 Qb2 14.Bc1 Qc3+  1/2-1/2

[Event "Australian Open 2013"]
[Site "Cammeray AUS"]
[Date "2013.01.02"]
[Round "1.24"]
[White "Low,F"]
[Black "Chen,Pengyu"]
[Result "0-1"]
[WhiteElo "1791"]
[BlackElo "2121"]

1.d4 Nf6 2.c4 g6 3.Nc3 d5 4.cxd5 Nxd5 5.e4 Nxc3 6.bxc3 Bg7 7.Nf3 c5 8.Bb5+ Nc6
9.O-O cxd4 10.cxd4 O-O 11.Be3 Bg4 12.Bxc6 bxc6 13.Qc2 Bxf3 14.gxf3 Bxd4 15.Bxd4 Qxd4
16.Qxc6 Rac8 17.Qb7 Qf6 18.Rad1 Qxf3 19.Rc1 Rb8 20.Qxa7 Qxe4 21.Rce1 Qg4+
22.Kh1 Qf3+ 23.Kg1 Rb4  0-1

[Event "Australian Open 2013"]
[Site "Cammeray AUS"]
[Date "2013.01.02"]
[Round "1.3"]
[White "Johansen,D"]
[Black "Deen Cowell,N"]
[Result "1-0"]
[WhiteElo "2441"]
[BlackElo "1904"]

1.c4 g6 2.d4 Nf6 3.Nc3 d5 4.cxd5 Nxd5 5.e4 Nxc3 6.bxc3 Bg7 7.Be3 c5 8.Qd2 Qa5
9.Rc1 O-O 10.Nf3 Rd8 11.Bh6 cxd4 12.Bxg7 Kxg7 13.cxd4 Qxd2+ 14.Kxd2 Nc6 15.Ke3 f5
16.Bb5 fxe4 17.Bxc6 bxc6 18.Ne5 Be6 19.Rxc6 Bxa2 20.Rc7 a5 21.Rxe7+ Kg8 22.Rc1 a4
23.Rcc7 Rac8 24.Rg7+ Kf8 25.Ra7 Ra8 26.Rxh7 Bg8 27.Nxg6+  1-0

[Event "Australian Open 2013"]
[Site "Cammeray AUS"]
[Date "2013.01.02"]
[Round "1.13"]
[White "Wallis,C"]
[Black "Rachmadi,H"]
[Result "0-1"]
[WhiteElo "2283"]
[BlackElo "1839"]

1.d4 Nf6 2.c4 g6 3.Nc3 d5 4.cxd5 Nxd5 5.e4 Nxc3 6.bxc3 Bg7 7.Bg5 c5 8.Rc1 Nc6
9.d5 Na5 10.Qd2 O-O 11.h4 h5 12.Be2 f5 13.Bh6 fxe4 14.Bxg7 Kxg7 15.c4 Bf5
16.Nh3 Rf6 17.Ng5 Qc7 18.Qe3 Raf8 19.g4 hxg4 20.h5 Rh8 21.h6+ Kf8 22.Qg3 Qxg3
23.fxg3 Rb6 24.Kf2 Rb2 25.Ke3 Rxa2 26.Ne6+ Kf7 27.Nxc5 b6 28.Ne6 Kf6 29.Nf4 Nb3
30.Rcf1 Nc5 31.d6 exd6 32.Rd1 Ra3+ 33.Kd4 Rxg3 34.Nd5+ Kg5 35.Nc7 Rxh6 36.Rxh6 Kxh6
37.Nb5 a5 38.Nxd6 Kg5 39.Rb1 Nb3+ 40.Ke5 a4 41.Rh1 Rh3 42.Rg1 Re3 43.Nf7+ Kh4
44.Kf4 Rh3 45.Bxg4 Nd4 46.Ng5 Bxg4 47.Rxg4+ Kh5 48.Rg2 Rh4+ 49.Ke3 Nf5+ 50.Kd2 Rg4
51.Rxg4 e3+  0-1

[Event "Australian Open 2013"]
[Site "Cammeray AUS"]
[Date "2013.01.02"]
[Round "1.2"]
[White "Lilly,R"]
[Black "Zhao Zong Yuan"]
[Result "0-1"]
[WhiteElo "1904"]
[BlackElo "2537"]

1.d4 Nf6 2.c4 g6 3.Nc3 d5 4.cxd5 Nxd5 5.e4 Nxc3 6.bxc3 Bg7 7.Bc4 c5 8.Ne2 O-O
9.O-O Nc6 10.Be3 Qc7 11.Rb1 Rd8 12.Qd2 e6 13.Rfc1 b6 14.Bb3 Ba6 15.Qb2 Bd3
16.dxc5 bxc5 17.Bxc5 Bxb1 18.Rxb1 Qe5 19.Be3 Qxe4 20.Bc2 Qc4 21.Bb3 Qa6 22.Qc2 Rac8
23.h3 Nb4 24.Qb2 Nd5 25.Bd4 Bxd4 26.cxd4 Qa5 27.Rd1 Nc3 28.Rd3 Nxe2+ 29.Qxe2 Rd6
30.Qe4 Qf5 31.Qe3 Rcd8 32.Bc2 Qf6 33.d5 Rxd5 34.Rxd5 Rxd5 35.Qxa7 Qa1+ 36.Kh2 Qe5+
37.g3 Ra5 38.Qd7 Rxa2 39.Qc8+ Kg7 40.Qc4 Qb2  0-1

[Event "88th Hastings Masters"]
[Site "Hastings ENG"]
[Date "2013.01.02"]
[Round "6.2"]
[White "Sumets,A"]
[Black "Alsina Leal,D"]
[Result "1/2-1/2"]
[WhiteElo "2638"]
[BlackElo "2511"]

1.d4 Nf6 2.c4 g6 3.Nc3 d5 4.cxd5 Nxd5 5.e4 Nxc3 6.bxc3 Bg7 7.Qa4+ Nd7 8.Nf3 O-O
9.Be2 c5 10.O-O Nb6 11.Qa3 cxd4 12.cxd4 Bg4 13.Bg5 Bxf3 14.gxf3 Qxd4 15.Rad1 Qe5
16.Qxe7 Qxe7 17.Bxe7 Rfc8 18.Bg5 Rc2 19.Rd2 Rxd2 20.Bxd2 Rc8 21.Rc1 Rxc1+
22.Bxc1 Na4 23.Bd2 Nc3 24.Bxc3 Bxc3 25.Kg2 Be5 26.Bc4 Kf8 27.h3 Ke7 28.Kf1 f6
29.Ke2 Kd6 30.Kd3 Kc5 31.Bg8 h6 32.Bf7 g5 33.Be6 b5 34.Bf7 a5 35.Be6 b4 36.Bb3 Bd4
37.f4 Bxf2 38.fxg5 fxg5 39.e5 Kb5 40.Bc4+ Kc6 41.Bb3 Bc5 42.Ke4 Bf8 43.Ba4+ Kc5
44.e6 Be7 45.Bd1 Kd6 46.Kf5 Bd8 47.Kg6 Kxe6 48.Kxh6 Ke5 49.Ba4 Kf4 50.Kh5 Kg3
51.Bd7 Be7 52.Kg6 Kh4 53.Kh6 Bd6 54.Kg6 Bf4 55.Kf6 Bc1 56.Ke5 a4 57.Bxa4 Kxh3
58.Bd7+ g4 59.Ke4 Kg3 60.Be6 Bh6 61.Bd7 Bf8 62.Be6 Be7  1/2-1/2

[Event "88th Hastings Masters"]
[Site "Hastings ENG"]
[Date "2013.01.02"]
[Round "6.7"]
[White "Kirk,Ez"]
[Black "Hawkins,Jo"]
[Result "0-1"]
[WhiteElo "2254"]
[BlackElo "2507"]

1.d4 Nf6 2.c4 g6 3.Nc3 d5 4.cxd5 Nxd5 5.e4 Nxc3 6.bxc3 Bg7 7.Nf3 c5 8.Rb1 O-O
9.Be2 cxd4 10.cxd4 Qa5+ 11.Bd2 Qxa2 12.O-O b6 13.Rc1 Ba6 14.Bxa6 Qxa6 15.Bg5 Qb7
16.Qd3 e6 17.Nd2 Nc6 18.e5 Qd7 19.Rxc6 Qxc6 20.Ne4 h6 21.Nf6+ Bxf6 22.exf6 Qd5
23.Bxh6 Qf5 24.Qxf5 gxf5 25.Rd1 Kh7 26.Bf4 Rg8 27.Rd3 Rg4 28.Be5 Rc8 29.h3 Rgg8
30.Ra3 a5 31.Rb3 Rc6 32.Rf3 b5 33.Rf4 Rg6 34.d5 Rc5 35.Rh4+ Rh6 36.dxe6 Rxh4
37.exf7 Rc8 38.Bd6 Kg6  0-1

[Event "XLII Rilton Cup"]
[Site "Stockholm SWE"]
[Date "2013.01.02"]
[Round "6.21"]
[White "Norlin,Egor"]
[Black "Kolbus,D"]
[Result "1/2-1/2"]
[WhiteElo "2112"]
[BlackElo "2302"]

1.d4 Nf6 2.c4 g6 3.Nc3 d5 4.cxd5 Nxd5 5.e4 Nxc3 6.bxc3 Bg7 7.Nf3 O-O 8.Be3 c5
9.Be2 b6 10.O-O Bd7 11.Qc2 cxd4 12.cxd4 Qc8 13.Qxc8 Rxc8 14.Rac1 Nc6 15.Bc4 e6
16.Rfd1 Na5 17.Bd3 Rxc1 18.Rxc1 Rc8 19.Rxc8+ Bxc8 20.Kf1 Bb7 21.Ke2 Kf8 22.Ne1 Nc6
23.Nc2 Ke8 24.f3 Kd7 25.Kd2 Bf8 26.Kc3 Bd6 27.h3 Kc7 28.Bc4 Na5 29.Bd3 Bg3
30.Kd2 Kd6 31.Na3 Kd7 32.Nb5 Bb8 33.Na3 Nc6 34.Nc2 Bd6 35.Kc3 Nb8 36.Bb5+ Bc6
37.Bd3 Ba4 38.Be2 Nc6 39.Bf2 f5 40.Be3 Ne7 41.Bd3 Bg3 42.Na3 Be1+ 43.Bd2 Bf2
44.Bc2 Bxc2 45.Nxc2 fxe4 46.fxe4 Nc8 47.Kd3 Nd6 48.Na3 Kc6 49.Bb4 Bg3 50.Nc4 Nxc4
51.Kxc4 b5+ 52.Kd3 a6 53.Bf8 Bc7 54.g4 Bb6 55.Bh6 Bd8 56.Bf8 Bg5 57.Bb4 Bf4
58.Bf8 Bg3 59.Bb4 Bf2 60.Be7 Kd7 61.Bb4 Kc6 62.Be7 Be1 63.Bf8 Bf2  1/2-1/2

[Event "Australian Open 2013"]
[Site "Cammeray AUS"]
[Date "2013.01.03"]
[Round "2.56"]
[White "Yang,Ray"]
[Black "Baterowicz,M"]
[Result "1-0"]
[WhiteElo "1625"]
[BlackElo "1788"]

1.d4 Nf6 2.c4 g6 3.Nc3 d5 4.cxd5 Nxd5 5.e4 Nxc3 6.bxc3 Bg7 7.h3 c5 8.Nf3 cxd4
9.cxd4 O-O 10.e5 Nc6 11.Be3 Qa5+ 12.Bd2 Qd5 13.Bc3 Rd8 14.Be2 Qe6 15.Qa4 a6
16.O-O Qf5 17.Qb3 b5 18.Bb2 Be6 19.Qc3 Rac8 20.Qa3 Bd5 21.Qxa6 Qc2 22.Bxb5 Qxb2
23.Rab1 Qc3 24.Rbc1 Qa5 25.Rxc6 Qxa6 26.Rxa6 Bxf3 27.gxf3 Rxd4 28.e6 fxe6
29.Re1 Rd5 30.Ba4 Rg5+ 31.Kf1  1-0

[Event "25th Staufer Open"]
[Site "Schwaebisch Gmuend GER"]
[Date "2013.01.03"]
[Round "4.21"]
[White "Kalinitschew,S"]
[Black "Bartonicek,Z sr"]
[Result "1-0"]
[WhiteElo "2472"]
[BlackElo "2042"]

1.d4 Nf6 2.c4 g6 3.Nc3 d5 4.cxd5 Nxd5 5.e4 Nxc3 6.bxc3 Bg7 7.Be3 c5 8.Qd2 O-O
9.Rc1 Qa5 10.d5 Rd8 11.Nf3 Bg4 12.Ng5 f6 13.h3 Bc8 14.Nf3 e6 15.c4 Qc7 16.Bd3 b6
17.g4 Rf8 18.Rg1 e5 19.Nh4 Qe7 20.Rg3 g5 21.Nf5 Bxf5 22.gxf5 Na6 23.h4 h6
24.Be2 Rad8 25.Bh5 Nc7 26.Qe2 Ne8 27.Bg6 Nd6 28.Qh5 Nf7 29.Kf1 Rd6 30.Kg2 Rfd8
31.a4 Kf8 32.Rh3 Nh8 33.a5 Nxg6 34.fxg6 Rc8 35.Rf3 Ke8 36.hxg5 hxg5 37.axb6 axb6
38.Bxg5 Qf8 39.Ra1 Qh8 40.Qg4 Rcd8 41.Bh4 Qf8 42.Ra7 R6d7 43.Rxd7 Rxd7 44.Qe6+  1-0

[Event "25th Staufer Open"]
[Site "Schwaebisch Gmuend GER"]
[Date "2013.01.04"]
[Round "6.16"]
[White "Kalinitschew,S"]
[Black "Behrendt,C"]
[Result "1-0"]
[WhiteElo "2472"]
[BlackElo "2079"]

1.d4 Nf6 2.c4 g6 3.Nc3 d5 4.cxd5 Nxd5 5.e4 Nxc3 6.bxc3 Bg7 7.Be3 O-O 8.Rc1 e6
9.Qd2 c5 10.Nf3 Qa5 11.Bh6 Nc6 12.Bxg7 Kxg7 13.h4 cxd4 14.cxd4 Qxd2+ 15.Kxd2 f5
16.e5 h6 17.Bc4 Rd8 18.Ke3 Ne7 19.Bb3 Kf7 20.Rc7 Rd7 21.Rhc1 Rxc7 22.Rxc7 Ke8
23.Ne1 Kd8 24.Rc1 b6 25.Nd3 g5 26.hxg5 hxg5 27.g3 Bd7 28.Rh1 Bc6 29.Rh8+ Kd7
30.Rh7 a5 31.a3 Rg8 32.Nb2 f4+ 33.gxf4 gxf4+ 34.Ke2 f3+ 35.Ke3 Rg1 36.Nc4 Re1+
37.Kf4 b5 38.Nxa5 Be4 39.Rg7 Bf5 40.d5 Re4+ 41.Kxf3 exd5 42.Bc2 Rxe5 43.Kf4 Kd6
44.Nb7+ Kc6 45.Nd8+ Kd7 46.Kxe5 Bxc2 47.Nc6  1-0

[Event "Giri Stilwerk Vienna Simul"]
[Site "Vienna AUT"]
[Date "2013.01.04"]
[Round "1.3"]
[White "Huber,Mart AUT"]
[Black "Giri,A"]
[Result "1/2-1/2"]
[WhiteElo "2139"]
[BlackElo "2720"]

1.d4 Nf6 2.c4 g6 3.Nc3 d5 4.cxd5 Nxd5 5.e4 Nxc3 6.bxc3 Bg7 7.Be3 c5 8.Rc1 Qa5
9.Qd2 O-O 10.Nf3 Rd8 11.d5 e6 12.Bg5 Rd6 13.Bf4 Rd8 14.Bg5 Rd6 15.Bf4 Rd8
16.Bg5 f6 17.Be3 Nc6 18.Bd3 b6 19.O-O Ba6 20.Be2 Qa4 21.c4 Na5 22.Qd3 Qxa2
23.Nd2 Qa4 24.Rfe1 Qe8 25.Qc2 exd5 26.exd5 Qf7 27.Bf3 Bc8 28.Bf4 Bf8 29.Qb2 Bd7
30.Ne4 Bg7 31.Qa3 g5 32.Bc7 Re8 33.Nd6 Rxe1+ 34.Rxe1 Qg6 35.g4 Bf8 36.Qc3 Qh6
37.Kg2 Qg6 38.h3 Qh6 39.Re2 Qg6  1/2-1/2

[Event "Australian Open 2013"]
[Site "Cammeray AUS"]
[Date "2013.01.05"]
[Round "4.48"]
[White "Egan,B"]
[Black "Zulkifli,Mat-Arif"]
[Result "0-1"]
[WhiteElo "1716"]
[BlackElo "1801"]

1.d4 Nf6 2.c4 g6 3.Nc3 d5 4.cxd5 Nxd5 5.e4 Nxc3 6.bxc3 Bg7 7.Bc4 c5 8.Be3 Qa5
9.Ne2 O-O 10.O-O Nd7 11.Qd2 Nb6 12.Bd3 c4 13.Bc2 Bd7 14.Bh6 Ba4 15.Bxg7 Kxg7
16.Bxa4 Nxa4 17.Rab1 b5 18.Rb4 a6 19.d5 Kg8 20.Rd1 Nc5 21.f3 Nd3 22.Nc1 Qb6+
23.Kf1 Nxb4 24.cxb4 Qd6  0-1

[Event "XLII Rilton Cup"]
[Site "Stockholm SWE"]
[Date "2013.01.05"]
[Round "9.22"]
[White "Eriksson,Jor"]
[Black "Von Bahr,O"]
[Result "1/2-1/2"]
[WhiteElo "2213"]
[BlackElo "2299"]

1.d4 Nf6 2.c4 g6 3.Nc3 d5 4.cxd5 Nxd5 5.e4 Nxc3 6.bxc3 Bg7 7.Be3 c5 8.Rc1 Qa5
9.Qd2 cxd4 10.cxd4 Qxd2+ 11.Bxd2 O-O 12.Nf3 e6 13.Be3 Nc6 14.Bb5 Rd8 15.Bxc6 bxc6
16.O-O Ba6 17.Rfd1 Bb5 18.Ne5 Rac8 19.Nc4 c5 20.d5 exd5 21.exd5 Bd4 22.d6 Bxc4
23.Rxc4 Rxd6 24.Rdxd4 Rxd4 25.Bxd4 Rd8 26.Rxc5 Rxd4 27.Kf1 Ra4 28.Rc2 h5
29.Ke2 h4 30.h3 Kg7 31.Kd3 Kf6 32.Kc3 Ke5 33.Kb3 Rf4 34.a4 a5 35.Rc5+ Kd6
36.Rxa5 Rxf2 37.Rg5 Ke6 38.a5 Rf1 39.Rg4 Rb1+ 40.Ka2 Rb5 41.Ra4 g5 42.a6 Rb8
43.a7 Ra8 44.Kb3 Kd5 45.Kc3 f5 46.Kd3 Ke5 47.Ke3 Kf6 48.Ra6+ Ke5 49.Ra5+ Kf6
50.Kd4 g4 51.Kc5 Ke5 52.Ra4 gxh3 53.gxh3 f4 54.Kb6 f3 55.Kb7 f2 56.Ra1 Rxa7+
57.Kxa7 Kf4 58.Ra6 Kg3 59.Rg6+ Kxh3 60.Rf6 Kg2 61.Rg6+ Kf3 62.Rf6+ Kg2 63.Rg6+  1/2-1/2

[Event "Australian Open 2013"]
[Site "Cammeray AUS"]
[Date "2013.01.06"]
[Round "5.53"]
[White "Louie,Jared"]
[Black "Ingham,Glenn"]
[Result "1-0"]
[WhiteElo "1735"]
[BlackElo "1618"]

1.d4 Nf6 2.c4 g6 3.Nc3 d5 4.cxd5 Nxd5 5.e4 Nxc3 6.bxc3 Bg7 7.Nf3 c5 8.Be3 O-O
9.Be2 Qa5 10.Qc2 Nc6 11.O-O Bg4 12.Qb2 Bxf3 13.Bxf3 cxd4 14.cxd4 Rad8 15.Rfd1 Rd7
16.e5 Rfd8 17.Bxc6 bxc6 18.f4 c5 19.Rac1 cxd4 20.Rxd4 Bxe5 21.fxe5 Qxe5 22.Rxd7 Qxe3+
23.Kh1 Rf8 24.Rcd1 e5 25.Qd2 Qc5 26.Rd8 Rxd8 27.Qxd8+ Kg7 28.Qd5 Qc3 29.Qd2 Qc5
30.h3 a5 31.Re1 f6 32.Rc1 Qa7 33.Qd6 Qf2 34.Qc7+ Kh6 35.Qxa5 e4 36.Qe1 Qd4
37.Qh4+ Kg7 38.Rc7+ Kf8 39.Rc8+ Kg7 40.Rc7+ Kf8 41.Rxh7 Qa1+ 42.Kh2 Qd4 43.Qg3  1-0

[Event "Australian Open 2013"]
[Site "Cammeray AUS"]
[Date "2013.01.06"]
[Round "5.1"]
[White "Khenkin,I"]
[Black "Illingworth,M"]
[Result "1-0"]
[WhiteElo "2659"]
[BlackElo "2408"]

1.d4 Nf6 2.c4 g6 3.Nc3 d5 4.cxd5 Nxd5 5.e4 Nxc3 6.bxc3 Bg7 7.Qa4+ Nd7 8.Nf3 O-O
9.Be2 c5 10.O-O Nb6 11.Qa3 cxd4 12.cxd4 Bg4 13.Bg5 Bxf3 14.Bxf3 Qxd4 15.Bxe7 Nc4
16.Qb4 a5 17.Qb5 Qe5 18.Qxe5 Nxe5 19.Rab1 Rfb8 20.Rb6 Nc6 21.Bg5 Ra6 22.Rfb1 Rxb6
23.Rxb6 h6 24.Bf4 Rc8 25.Rxb7 g5 26.Be3 Bd4 27.Bh5 Ne5 28.h4 Bxe3 29.fxe3 g4
30.Kh2 Rc4 31.Rb5 Rxe4 32.Rxa5 Kg7 33.Kg3 Kf6 34.Ra6+ Kf5 35.Ra5 Kf6 36.a4 Ke6
37.Ra7 f5 38.Ra6+ Ke7 39.Bg6 Nxg6 40.Rxg6 h5 41.a5 Kf7 42.Rh6 Rxe3+ 43.Kf4 Re2
44.a6 Rf2+ 45.Kg5 Ra2 46.g3 Ra5 47.Rf6+ Kg7 48.Rxf5 Ra3 49.Kxh5 Rxa6 50.Kxg4 Kh6
51.Rh5+ Kg6 52.Rd5 Ra4+ 53.Kh3 Ra3 54.h5+ Kf6 55.Kh4 Kg7 56.Rd7+ Kh6 57.g4 Ra5
58.g5+  1-0

[Event "Australian Open 2013"]
[Site "Cammeray AUS"]
[Date "2013.01.08"]
[Round "7.1"]
[White "Khenkin,I"]
[Black "Zhao Zong Yuan"]
[Result "1/2-1/2"]
[WhiteElo "2659"]
[BlackElo "2537"]

1.d4 Nf6 2.c4 g6 3.Nc3 d5 4.cxd5 Nxd5 5.e4 Nxc3 6.bxc3 Bg7 7.Nf3 c5 8.Be3 Qa5
9.Qd2 Nc6 10.Rb1 a6 11.Rc1 Bg4 12.d5 Rd8 13.Be2 O-O 14.O-O Bxf3 15.Bxf3 e6
16.Rfd1 exd5 17.exd5 Ne5 18.c4 Nxf3+ 19.gxf3 Qc7 20.d6 Qd7 21.Bxc5 Rfe8 22.Be3 Qh3
23.Bf4 Qxf3  1/2-1/2

[Event "VII Magistral da Hebraica"]
[Site "Sao Paulo BRA"]
[Date "2013.01.08"]
[Round "4.2"]
[White "Abdalla,L"]
[Black "Terao,R"]
[Result "1/2-1/2"]
[WhiteElo "2335"]
[BlackElo "2407"]

1.d4 Nf6 2.c4 g6 3.Nc3 d5 4.cxd5 Nxd5 5.e4 Nxc3 6.bxc3 Bg7 7.Be3 c5 8.Qd2 cxd4
9.cxd4 Nc6 10.Rd1 O-O 11.Nf3 Bg4 12.Be2 Qa5 13.O-O Rac8 14.h3 Bxf3 15.Bxf3 Qxd2
16.Rxd2 Na5 17.Bg5 Bf6 18.Bxf6 exf6 19.Be2 Nc4 20.Bxc4 Rxc4 21.Rb1 b6 22.f3 Rd8
23.Rbd1 Kf8 24.Kf2 Ke7 25.Ke3 h5 26.h4 b5 27.Rb2 b4 28.Rd3 a5 29.a3 f5 30.axb4 fxe4
31.fxe4 axb4 32.Ra2 Rd6 33.Ra7+ Rd7 34.Rxd7+ Kxd7 35.e5 Ke6 36.Ke4 f5+ 37.exf6 Kxf6
38.Rf3+ Ke6 39.Rg3 Kf6 40.Rf3+ Ke6 41.Rg3 Kf6 42.Rf3+  1/2-1/2

[Event "Australian Open 2013"]
[Site "Cammeray AUS"]
[Date "2013.01.10"]
[Round "8.36"]
[White "Bennett,Calvin"]
[Black "Lilly,R"]
[Result "0-1"]
[WhiteElo "1793"]
[BlackElo "1904"]

1.d4 Nf6 2.c4 g6 3.Nc3 d5 4.cxd5 Nxd5 5.e4 Nxc3 6.bxc3 Bg7 7.Qa4+ Bd7 8.Qc2 O-O
9.Nf3 c5 10.Be2 Qc7 11.Be3 cxd4 12.Nxd4 a6 13.O-O Nc6 14.Qd2 Rac8 15.Rfd1 Ne5
16.Bf4 Ba4 17.Rdc1 Rfd8 18.Bg4 e6 19.Qe2 Qe7 20.Bxe5 Bxe5 21.Qe3 Qh4 22.Nf3 Qf6
23.Nxe5 Qxe5 24.f4 Qc5 25.Qxc5 Rxc5 26.Rab1 Bc6 27.e5 Rd2 28.Bf3 b5 29.a4 Bxf3
30.gxf3 bxa4 31.Ra1 Rc4 32.Ra3 Kg7 33.Kh1 h5 34.Kg1 Rb2 35.h3 Rb3 36.Raa1 a3
37.Kf2 Rcxc3 38.Rxc3 Rxc3 39.Kg3 a5 40.Ra2 a4 41.Ra1 Kf8 42.Ra2 Ke7 43.Rd2 Rb3
44.Rd4 a2 45.Rxa4 Rb2 46.Ra7+ Kd8 47.Ra3 Kc7 48.Ra4 Kc6 49.Ra8 Kd5 50.Kh4 Rg2
51.Ra4 Kc5 52.Ra7 Kc4  0-1

[Event "Australian Open 2013"]
[Site "Cammeray AUS"]
[Date "2013.01.13"]
[Round "11.41"]
[White "Holt,K"]
[Black "Bennett,Calvin"]
[Result "1-0"]
[WhiteElo "1907"]
[BlackElo "1793"]

1.d4 Nf6 2.c4 g6 3.Nc3 d5 4.cxd5 Nxd5 5.e4 Nxc3 6.bxc3 Bg7 7.Ba3 Nd7 8.Nf3 c5
9.Qd2 b6 10.Bb5 O-O 11.O-O a6 12.Bc6 Ra7 13.Rfd1 Nb8 14.Bd5 e6 15.Bb3 Rd7
16.Qe1 Qc7 17.Rac1 Bh6 18.Rb1 Bf4 19.e5 Bb7 20.Qe2 Rfd8 21.dxc5 bxc5 22.Rxd7 Nxd7
23.Qc4 Bxe5 24.Nxe5 Qxe5 25.Rd1 Bd5 26.Qh4 Rf8 27.c4 Bc6 28.Bc1 Qe2 29.h3 f6
30.Be3 h5 31.Qg3 Ne5 32.Bxc5 Rf7 33.Bb4 Qe4 34.Re1 Qf5 35.Bd6 h4 36.Qe3 g5
37.Bxe5 fxe5 38.Re2 Qb1+ 39.Kh2 Rf5 40.Bc2 Qf1 41.Be4 Bxe4 42.Qxe4 Qc1 43.Rc2 Qf4+
44.Qxf4 exf4 45.c5 Rf7 46.c6 Rc7 47.g3 Kf7 48.gxh4 gxh4 49.Kg2 Ke7 50.Kf3 Kd6
51.Kxf4 Rxc6 52.Rxc6+ Kxc6 53.Kg4 Kd6 54.Kxh4  1-0

[Event "PSC Cup 2013"]
[Site "Manila PHI"]
[Date "2013.01.14"]
[Round "1.16"]
[White "Jose,Ru"]
[Black "Dela Cruz,N"]
[Result "0-1"]
[WhiteElo "2026"]
[BlackElo "2371"]

1.d4 Nf6 2.c4 g6 3.Nc3 d5 4.cxd5 Nxd5 5.e4 Nxc3 6.bxc3 Bg7 7.Bc4 c5 8.Ne2 O-O
9.O-O Nc6 10.Be3 Qc7 11.Rc1 Rd8 12.Qd2 Ne5 13.Bd5 e6 14.dxe5 exd5 15.exd5 Qxe5
16.c4 b6 17.Rfe1 Bd7 18.Ng3 Qb2 19.Rc2 Qb4 20.Qc1 Re8 21.h3 h5 22.Bd2 Qa4
23.Bc3 Rxe1+ 24.Bxe1 h4 25.Ne4 Re8 26.Re2 f5 27.Nc3 Qxc4 28.Rxe8+ Bxe8 29.Qe3 Bf7
30.d6 Qe6 31.Nb5 Qxe3 32.fxe3 Be8 33.Nc7 Bd7 34.Bxh4 Be5 35.Be7 Kf7 36.Kf2 Be6
37.a3 Ba2 38.h4 Bb2 39.Bg5  0-1

[Event "Dvorkovich Mem 2013"]
[Site "Taganrog RUS"]
[Date "2013.01.15"]
[Round "1.2"]
[White "Sjugirov,S"]
[Black "Vastrukhin,O"]
[Result "1-0"]
[WhiteElo "2643"]
[BlackElo "2340"]

1.d4 Nf6 2.c4 g6 3.Nc3 d5 4.cxd5 Nxd5 5.e4 Nxc3 6.bxc3 Bg7 7.Bc4 O-O 8.Ne2 c5
9.O-O Nc6 10.Be3 Bd7 11.Rb1 Qc7 12.Bd3 a6 13.f4 cxd4 14.cxd4 Bg4 15.h3 Bxe2
16.Bxe2 b5 17.e5 Rfd8 18.d5 Na5 19.Bf3 Rac8 20.Qe2 Nc4 21.Bf2 Qa5 22.Rfd1 Na3
23.Rb2 Qa4 24.Rb3 Nc2 25.Be4 Nb4 26.Rb2 Rc4 27.Rbd2 Nxa2 28.Rxa2 Rxe4 29.Rxa4 Rxe2
30.Rxa6 Re4 31.Bb6 Rd7 32.Ra8+ Bf8 33.d6 Kg7 34.Ra7 Rxa7 35.Bxa7 exd6 36.exd6 Rxf4
37.d7 Be7 38.d8=Q Bxd8 39.Rxd8 h5 40.Bd4+ f6 41.Rd7+ Kg8 42.Bc3 Rf5 43.Rd2 Kf7
44.Rf2 Ke6 45.Rxf5 Kxf5 46.Kf2 g5 47.Ke3 h4 48.Kf3 Kg6 49.Ke4 f5+ 50.Ke5 f4
51.Ke4  1-0

[Event "PSC Cup 2013"]
[Site "Manila PHI"]
[Date "2013.01.16"]
[Round "4.2"]
[White "Pascua,H"]
[Black "Laylo,D"]
[Result "1/2-1/2"]
[WhiteElo "2386"]
[BlackElo "2491"]

1.d4 Nf6 2.c4 g6 3.Nc3 d5 4.cxd5 Nxd5 5.e4 Nxc3 6.bxc3 Bg7 7.Qa4+ Nd7 8.Nf3 c5
9.Be2 O-O 10.O-O Qc7 11.Bg5 e6 12.e5 a6 13.Qa3 Re8 14.Nd2 Bf8 15.Qc1 b5 16.Bf3 Bb7
17.Ne4 Bxe4 18.Bxe4 Rac8 19.Qf4 cxd4 20.cxd4 Qa7 21.Rad1 Rc4 22.Qg3 Bg7 23.Be3 Qb8
24.f4 Nb6 25.Qf3 Rd8 26.d5 exd5 27.Bxd5 Nxd5 28.Rxd5 Rxd5 29.Qxd5 Qc8 30.Rd1 Bf8
31.h3 Bc5 32.Qd8+ Qxd8 33.Rxd8+ Kg7 34.Bxc5 Rxc5  1/2-1/2